Genus

محفوظ في:

التنسيق: دورية

اللغة: Undetermined

منشور في: JSTOR
Università degli Studi di Roma “La Sapienza”

الموضوعات:

الوصول للمادة أونلاين: Login to view Source

الوسوم: إضافة وسم

لا توجد وسوم, كن أول من يضع وسما على هذه التسجيلة!

رقم الطلب:

LEADER 00518nas a2200169Ia 4500
008 220214c99999999xx |||||||||||| ||und||
022 |a 0016-6987 
022 |a 2035-5556 
245 0 0 |a Genus 
264 1 |b JSTOR 
264 1 |b Università degli Studi di Roma “La Sapienza” 
362 0 |a Vol. 1(1934)-71 (2015) 
653 1 0 |a Social Sciences 
856 4 0 |u https://www.jstor.org/journal/genus 
942 |c JL 
952 |0 0  |1 0  |4 0  |7 1  |9 35032  |a JSR  |b JSR  |d 2022-02-14  |l 0  |r 2022-02-14 00:00:00  |w 2022-02-14  |y JL 
999 |c 43365  |d 43365